000 00929cam a2200277 a 4500
001 11784896
003 OSt
005 20170105101204.0
008 990903s2000 nyua b 001 0 eng
010 _a 99066922
020 _a0716736780
040 _aDLC
_cDLC
_dDLC
050 0 0 _aBF311
_b.A5895 2000
082 0 0 _a153
_221
100 1 _aAnderson, John R.
_q(John Robert),
_d1947-
245 1 0 _aCognitive psychology and its implications /
_cJohn R. Anderson.
250 _a5th ed.
260 _aNew York :
_bWorth Publishers,
_cc2000.
300 _axvi, 531 p. :
_bill. (some col.) ;
_c25 cm.
504 _aIncludes bibliographical references (p. 475-510) and indexes.
650 0 _aCognition
_vTextbooks.
650 0 _aCognitive psychology
_vTextbooks.
906 _a7
_bcbc
_corignew
_d2
_eepcn
_f19
_gy-gencatlg
942 _2ddc
_cBK
999 _c2930
_d2930